LEADER 01422nam a2200337 i 4500 001 991002616419707536 008 040616s2004 enk 001 0 eng d 020 $a0521551145 (v.1) 020 $a0521829259 (v.2) 035 $ab12950105-39ule_inst 040 $aDip.to Matematica$beng 082 0 $a515 084 $aAMS 26-XX 100 1 $aDuistermaat, Johannes Jisse$0487027 245 10$aMultidimensional real analysis /$cJ. J. Duistermaat, J. A. C. Kolk ; translated from Dutch by J. P. van Braam Houckgeest 260 $aCambridge :$bCambridge University Press, $c2004 300 $a2 v. ;$c23 cm 440 0$aCambridge studies in advanced mathematics ;$v86 440 0$aCambridge studies in advanced mathematics ;$v87 505 0 $gV.1:$tDifferentiation.$g-xvii, 1-422 p. 505 0 $gV.2:$tIntegration.$g-xviii, 423-798 p. 650 0$aReal analysis 700 1 $aKolk, Johan A. C. 700 1 $aBraam Houckgeest, J. P. van 907 $a.b12950105$b21-09-06$c16-06-04 912 $a991002616419707536 945 $aLE013 26-XX DUJ11 V.I (2004)$cV. 1$g1$i2013000146287$lle013$op$pE58.30$q-$rl$s- $t0$u1$v0$w1$x0$y.i13553409$z06-07-04 945 $aLE013 26-XX DUJ11 V.II (2004)$cV. 2$g2$i2013000146294$lle013$op$pE58.30$q-$rl$s- $t0$u1$v0$w1$x0$y.i13553410$z06-07-04 996 $aMultidimensional real analysis$9281209 997 $aUNISALENTO 998 $ale013$b16-06-04$cm$da $e-$feng$genk$h0$i0 LEADER 01383nam2 22003133i 450 001 CSA0046732 005 20251003044148.0 020 $aIT$b6812058 100 $a20130827d1967 ||||0itac50 ba 101 | $aita 102 $ait 181 1$6z01$ai $bxxxe 182 1$6z01$an 183 1$6z01$anc$2RDAcarrier 200 1 $aˆ1: Il ‰clima d'Italia in generale$econ ampia introduzione sul clima del Mediterraneo e su quello delle aree contigue$fCristofaro Mennella 210 $aNapoli$cE.D.A.R.T.$dstampa 1967 215 $a718 p.$cill., tab.$d33 cm. 461 1$1001CSA0046726$12001 $aˆIl ‰clima d'Italia nelle sue caratteristiche e varietà e quale fattore dinamico del paesaggio$fCristofaro Mennella$v1 606 $aItalia$xClima$2FIR$3SBLC034437$9I 676 $a551.5$9METEOROLOGIA$v21 676 $a551.6$9CLIMATOLOGIA E TEMPO ATMOSFERICO$v23 700 1$aMennella$b, Cristofaro$3VEAV025521$4070$031905 801 3$aIT$bIT-000000$c20130827 850 $aIT-BN0095 $aIT-NA0079 $aIT-BN0015 912 $aCSA0046732 950 2$aBiblioteca Centralizzata di Ateneo$cv. 1$d 01POZZO LIB.F. FRAGOLA 282$e 0101 0060067485E VMA (001 v. 1 (Precedente collocazione F 451)$fB $h20221102$i20221102 977 $a 01$a BN$a PB 996 $aClima d'Italia in generale$92950749 997 $aUNISANNIO